00277nam a2200121Ia 4500003000400000008004100004040001600045082001800061245002400079260003600103300001100139490000500150GCL140319s9999 xx 000 0 ara d aGCL / cGCL04a813.03bس ب10aبريق عينيك a[S.N] : bزهير بعلبكى a365 ص a